Science Quiz

Random Science or Animal Quiz

Mammals of Asia Quiz Stats

 Plays Quiz Updated Nov 4, 2017

Score 0/20 Timer 06:00
3 Plays Today
% Correct
Giant panda
93.7%
Snow leopard
89.6%
Striped hyena
88.6%
Red panda
88.2%
Dromedary
85.9%
Malayan tapir
77.6%
Clouded leopard
77.6%
Bactrian camel
71.2%
Japanese macaque
70.7%
Chinese pangolin
66.2%
% Correct
Philippine tarsier
53%
Hog badger
52.2%
Philippine flying lemur
51%
Siamang
50.6%
Tanuki
50.1%
Markhor
49.5%
Binturong
48.8%
Muntjac
48.2%
Siberian jerboa
45.4%
Dhole
42.4%

You're not logged in!

Compare scores with friends on all Sporcle quizzes.
OR
Log In

You Might Also Like...

Show Comments

Extras

Top Quizzes Today


Score Distribution

Your Account Isn't Verified!

In order to create a playlist on Sporcle, you need to verify the email address you used during registration. Go to your Sporcle Settings to finish the process.

Report this User

Report this user for behavior that violates our Community Guidelines.

Details: